000
00258nam a22001097a 4500
082
_a
621.3 MAL'S
100
_a
MALLIK, U. G
_9
78920
245
_a
SOLUTION OF PROBLEMS IN ELECTRICAL POWER
260
_a
LONDON
_b
SIR ISAAC
_c
1968
300
_a
410P
942
_c
BK
999
_c
583989
_d
583989